000
00225nam a22001097a 4500
082
_a
621.384 REY'M
245
_a
MODERN RADIO COMMUNICATION
250
_a
3RD
260
_a
LONDON
_b
3RD
_c
1942
300
_a
VOL-2
942
_c
BK
999
_c
579175
_d
579175